| 000 | 00743nam a22001935i 4500 | ||
|---|---|---|---|
| 001 | 162825 | ||
| 003 | ES-MaACL | ||
| 005 | 20250901032930.0 | ||
| 008 | 050704s1832 sp |||| | spa d | ||
| 040 |
_aCAM _bspa _cCAM |
||
| 100 | 1 |
_aQuin, Frederic Hervey Foster ( _d1799-1878) _9131522 |
|
| 245 | 1 | 0 |
_aDu traitement homoeopatique du cholera _b: avec notes et appendice / _cpar F. F. Quin. |
| 260 |
_aParis ; _aA Londres : _bchez J.-B. Baillière, libraire, _c1832 ( _fImprimerie d'Hippolyte Tilliard) |
||
| 300 |
_a64 p. ; _c22 cm. |
||
| 650 | 4 |
_aHomeopatía. _913463 |
|
| 650 | 7 |
_aCólera _2embne _911143 |
|
| 852 |
_aES-MaACL _jT-484-F-3 _z-- Enc. hol., falto de la cub. original _z-- Enc. en un vol. facticio |
||
| 999 |
_c162825 _d162825 |
||